00861pam a2200253 a 4500001000700000003000400007005001700011008004100028010001700069020002200086020002200108040001800130043001200148050002100160082002500181100002100206245011300227260004400340300002400384504006600408651008300474700002500557700002500582597314OSt20230704132942.0910326s1992 enk b 001 0 eng  a 91013718  a0415020158 (hard) a041503728X (pbk.) aDLCcDLCdDLC ae-uk---00aJN231b.G74 199200a354.4107/25220bGRE1 aGreenaway, J. R.10aDeciding factors in British politics :ba case-studies approach /cJohn Greenaway, Steve Smith, John Street. aLondon ;aNew York :bRoutledge,c1992. ax, 266 p. ;c23 cm. aIncludes bibliographical references (p. [241]-255) and index. 0aGreat BritainxPolitics and governmenty1945- xDecision makingxCase studies.1 aSmith, Steve,d1952-1 aStreet, John,d1952-